000 00905nam a22003137a 4500
001 BR8005774
003 BR-BrBNA
005 20230928090750.0
007 ta
008 230509b bl.||||| |||| 00| 0 por d
040 _aBR-BrBNA
_bpor
_cBiblioteca Nacional de Agricultura
041 _a(Por)
072 _aF50
090 _ F50 BR8005774
100 1 _aValente, M. da C.
100 1 _aCosta, C.G.
100 1 _aBaumgratz, J.F.A.
100 1 _aFerreira, G.L.
110 1 _aJardim Botanico do Rio de Janeiro, RJ (Brasil). Secao de Botanica Sistematica
_96638
245 1 _aBibliografia botanica. 4. Anatomia vegetal
_bAnexo
260 3 _aRio de Janeiro, RJ (Brasil):
_c1980.
300 _a26 p.
500 _aReprint of: "Rodriguesia" v. 32(54)1980
650 _aANATOMIA VEGETAL
650 _aBOTANICA
650 _aBIBLIOGRAFIA
909 _a202309
_bLucia
_c55
_dLucia Elande
942 _cBK
999 _c30420
_d30420